| 000 | 00981cad a22002295a 4500 | ||
|---|---|---|---|
| 001 | L146734 | ||
| 008 | 090220s2008 xxkd f s 000 0 eng d | ||
| 035 | _a(Sirsi) u146734 | ||
| 041 | 0 | _aeng | |
| 050 | 0 | 4 | _a346.4172 $2 18 |
| 110 | 2 |
_aRoyal Institution of Chartered Surveyors _bEconomics _95033 |
|
| 245 | 0 | 0 |
_aRICS Arts and antiques market survey _bfourth quarter 2008 _h[electronic resource] |
| 260 |
_aLondon _RICS _c2008 |
||
| 490 | 0 |
_aRICS Arts and Antiques Market Survey _vFourth Quarter 2008 |
|
| 520 | _aReports that the top end of the market finally stopped rising due to the global economic downturn. Reveals that confidence in the demand and sales outlooks have fallen. | ||
| 590 | _aKA | ||
| 650 | 2 | 4 | _aRICS ARTS AND ANTIQUES MARKET SURVEY |
| 651 | 4 |
_aUnited Kingdom _y |
|
| 690 |
_aArts and antiques _96217 |
||
| 856 | 4 | 0 |
_uhttps://www.rics.org/RICSWEB/getpage.aspx?p=LITYb630aEmEzilUvDqsqg _zView the market survey free of charge at www.rics.org... |
| 942 | _n0 | ||
| 999 |
_c109272 _d109272 |
||